000
00228 a2200097 4500
001
16707
100
_a
Harry harper
245
_a
My fifty years in flying
260
_a
London
_b
Associated newspaper ltd
_c
090
_c
12607
_d
12607
942
_a
NUST-CAE
_c
M
_c
2900
999
_c
251780
_d
251780